AH International Schools' Libraries

Science of the five senses (KHMER) / (Record no. 50398)

MARC details
000 -LEADER
fixed length control field 00355nam a2200121 4500
020 ## - INTERNATIONAL STANDARD BOOK NUMBER
International Standard Book Number 9789924654636
100 ## - MAIN ENTRY--PERSONAL NAME
Personal name Meng Chea Sodawangsi
9 (RLIN) 87062
245 ## - TITLE STATEMENT
Title Science of the five senses (KHMER) /
Statement of responsibility, etc Meng Chea Sodawangsi
260 ## - PUBLICATION, DISTRIBUTION, ETC. (IMPRINT)
Place of publication, distribution, etc Cambodia
Name of publisher, distributor, etc Mindbooks Publishing
Date of publication, distribution, etc 2024
300 ## - PHYSICAL DESCRIPTION
Extent 31 p.
Other physical details col. ill.
Dimensions 20 cm.
490 ## - SERIES STATEMENT
Series statement Mindkids: S-16
942 ## - ADDED ENTRY ELEMENTS (KOHA)
Source of classification or shelving scheme
Koha item type Book
Holdings
Withdrawn status Lost status Source of classification or shelving scheme Damaged status Not for loan Collection code Home library Current library Date acquired Total Checkouts Full call number Barcode Date last seen Price effective from Koha item type
          Siem Riep Asian Hope Primary Library Asian Hope Primary Library 04/20/2026   KHMER 612.87 MEN 209936 04/20/2026 04/20/2026 Book

For any Logos Library related questions please contact Miss Art at swongnarasuk@asianhope.org.

For any Asian Hope Library related questions please contact Miss Raza at graza@asianhope.org.

Click here to explore our ebooks!

Powered by Koha